| 000 | 00921nam a2200241 4500 | ||
|---|---|---|---|
| 001 | 122454 | ||
| 003 | ES-MaACL | ||
| 005 | 20231226211014.0 | ||
| 007 | t| | ||
| 008 | 070214s1973 sp r ||||1| spa d | ||
| 020 | _a84-7014-132-5 | ||
| 100 | 1 |
_aPrimo de Rivera, José Antonio, _d1903-1936 _9142533 |
|
| 245 | 1 | 0 |
_aObras / _cde José Antonio Primo de Rivera ; edición cronológica ; recopilación de Agustín del Río Cisneros. |
| 250 | _a7ª ed. | ||
| 260 |
_aMadrid : _bDelegación Nacional de la Sección Femenina del Movimiento, _c1973. |
||
| 300 |
_aXXVII, 1153 p. ; _c17 cm. |
||
| 610 | 2 | 4 |
_aFalange Española. _94083 |
| 651 | 0 |
_aEspaña- _xHistoria- _y1931-1939, II República. _98283 |
|
| 700 | 1 |
_aRío Cisneros, Agustín del, _d1909-1992 _997318 |
|
| 710 | 2 |
_aMovimiento Nacional (España). _bDelegación Nacional de la Sección Femenina. _95781 |
|
| 852 |
_aES-MaACL _jC-56212 |
||
| 999 |
_c122454 _d122454 |
||